[Event "RUS-chT Blitz Men 2018"]
[Site "Sochi"]
[Date "2018.10.10"]
[Round "12"]
[White "Rakhmanov, Aleksandr"]
[Black "Kretov, Evgenij"]
[Result "1/2-1/2"]
[WhiteElo "2634"]
[BlackElo "2219"]
[Annotator "TA"]
[PlyCount "120"]
[EventDate "2018.10.10"]
[EventType "swiss"]
[EventCountry "RUS"]
[SourceTitle "playchess.com"]
[Source "ChessBase"]
[SourceQuality "1"]

{[%evp 14,120,56,40,63,43,99,91,124,43,82,61,170,55,54,52,74,79,75,46,54,44,45,28,21,28,19,-2,9,-3,29,39,122,76,70,78,225,185,183,189,246,279,416,128,254,142,163,-94,-104,-123,-106,-272,-256,-263,-262,-261,-278,-284,-184,-409,0,-181,-175,-157,-46,-46,-58,-217,-16,-122,-78,-129,0,-152,-29,-74,-31,-43,-17,-66,-50,-65,-46,-96,-89,-116,-5,-14,0,0,52,5,8,0,0,0,0,0,0,0,0,-89,-120,-97,0,-74,0,-66,0]} 1. c4 Nf6 2. Nc3 c5 3. Nf3 e6 4. e4 Nc6 5. Be2 a6 6. d4 cxd4 7. Nxd4 Qc7 8. O-O {LiveBook: 164 Partien} Bc5 {B41: Sizilianisch (Paulsen-Variante)} (8... Nxd4 9. Qxd4 Bd6 10. g3 O-O 11. Be3 Be5 12. Qd3 Bxc3 13. bxc3 b5 14. c5 Bb7 15. f3 Bc6 16. Qd6 {½-½ (56) Goganov,A (2603)-Svidler,P (2739) St Petersburg 2015}) 9. Be3 {Und weiter mit Sxe6! wäre nett.} Nxd4 (9... d6 $14) 10. Bxd4 $16 d6 {Weiß steht besser.} 11. Qd2 (11. Bxf6 $1 $16 gxf6 12. b4) 11... Bd7 $146 ({Vorgänger:} 11... Bxd4 12. Qxd4 e5 13. Nd5 Nxd5 14. Qxd5 Be6 15. Qd2 O-O 16. Rac1 Rfd8 17. h3 Qc6 18. Qe3 Qc5 19. Qd2 Qc6 20. Qe3 Qc5 21. Qd2 Qc6 {½-½ (21) Golubovic,B (2450)-Romanishin,O (2572) Nova Gorica 1999}) 12. Rad1 Rd8 (12... Bxd4 $14 13. Qxd4 Bc6) 13. Qg5 (13. Bxf6 $1 $18 gxf6 14. Qh6) 13... Bxd4 $14 14. Rxd4 {Tfd1 ist eine echte Drohung.} O-O 15. Rfd1 Bc6 16. Bf3 Rd7 17. Qd2 {[%cal Rd4d6]} Rfd8 18. b4 {Und b5 würde nun gewinnen.} b5 19. cxb5 axb5 20. g4 h6 21. h4 Qb7 (21... d5 $5 22. exd5 Nxd5 23. Nxd5 Bxd5 $11) 22. Qe3 Ne8 (22... Qb8 $14) 23. g5 hxg5 24. hxg5 Kf8 (24... Qa7 $16) 25. Bg2 Ra8 26. R4d3 Qa7 (26... g6 $142 27. Qh3 Ke7) 27. Qh3 Qb7 (27... Ke7 {ist eine bessere Verteidigung.} 28. g6 fxg6) 28. f4 $2 (28. Qh8+ $18 {ist viel giftiger.} Ke7 29. g6 $1 {[%mdl 512]}) 28... Qb6+ (28... Ke7 $16 29. Kh2 Kd8) 29. Kh2 (29. Kh1 $18) 29... Qf2 $16 30. R3d2 $2 (30. Rf1 $18 Qb2 31. f5 exf5 32. Re3 (32. Rxf5 Ke7 $16) (32. Qxf5 Kg8 $16)) 30... Qxf4+ $17 31. Kg1 Qxg5 {[#] Droht stark ...Sf6.} 32. Rf2 $2 (32. Nd5 $1 $17 {[%mdl 512]} Nf6 (32... exd5 33. exd5) 33. Nb6) 32... Ke7 33. Rdf1 Nf6 34. Rf3 Qe5 35. Re3 {Wenn Weiss jetzt Zeit für Sd5+! hätte...} Qd4 36. Rd1 $2 (36. e5 Ng4 37. Qh4+ f6 38. exf6+ gxf6 39. Bxc6 Qxe3+ 40. Kh1) 36... Qe5 $2 {[#]} (36... Qxb4 $19 37. Rc1 Bb7) 37. Nd5+ $1 {[%mdl 512]} Kd8 $1 $19 ({Und nicht} 37... exd5 38. exd5 Bb7 39. Rxe5+ dxe5 40. d6+ $1 {[%mdl 512]} Kf8 41. Bxb7 $18) 38. Nb6 Ra6 (38... Rxa2 $17 39. Nxd7 Nxd7) 39. Nxd7 $15 Kxd7 40. Red3 $2 (40. Qg3 $15 Qxg3 41. Rxg3) 40... Bb7 $2 ({Viel schwächer ist} 40... Rxa2 41. Rxd6+ Kc7 42. Qe3 $17) (40... Bxe4 $19 41. R3d2 Qg5) 41. Qe3 (41. Ra3 $11) 41... Ke7 {[%cal Rb7e4]} 42. Rc1 (42. Rc3 $142 Bxe4 43. Rc7+ Kd8 44. Rdc1 Bxg2 45. Qxe5 dxe5 46. Kxg2) 42... Ne8 ({Lieber nicht} 42... Rxa2 43. Rc7+ Kf8 44. Rxb7 $16) (42... Bxe4 $17 43. Rd2 Ra8) 43. Rcd1 $2 ({Lieber} 43. Rdc3 $11) 43... Bc6 ({Günstiger ist} 43... Rxa2 $17 44. R3d2 Rxd2 45. Rxd2 Bc6) 44. Rc1 Bd7 45. Qd2 Ra7 {[%cal Ba6a7,Ba7c7,Bc7c4][%mdl 32]} 46. Re1 Rc7 47. Rd5 Qg3 48. Rg5 {[#]} Qh4 $1 49. e5 {[#]} dxe5 (49... Rc2 $1 $17 {[%cal Rc2d2][%mdl 512]} 50. Rh5 (50. Qxc2 Qxe1+) 50... Rxd2 51. Rxh4 Rxa2) 50. Rgxe5 $11 Rc4 51. Rd1 Nf6 ({Besser ist} 51... Kf8 $11) 52. Rxb5 {Schwarz muss nun Dd6+ beachten.} Nd5 $1 $132 {[%mdl 2048] Schwarz is fighting back} 53. Rxd5 exd5 54. Qxd5 Qg4 55. Qd6+ Ke8 56. Re1+ Be6 57. Qb8+ (57. b5 $11 {hält das Gleichgewicht.}) 57... Ke7 $17 58. Qa7+ Ke8 59. Qb8+ Ke7 {zielt auf ...Dd4+ ab.} (59... Kd7 $5 {[%cal Rg4d4]} 60. Qa7+ Rc7 $17) 60. Qa7+ $1 Ke8 {Precision: Weiß = 20%, Schwarz = 21%.} (60... Kf6 $15 61. Qf2+ Rf4 62. Qb2+ Kg6 63. Qc2+ Bf5) 1/2-1/2

[Event "RUS-chT Blitz Men 2018"]
[Site "Sochi"]
[Date "2018.10.10"]
[Round "12"]
[White "Lysyj, Igor"]
[Black "Ivlev, Aleksey"]
[Result "1-0"]
[WhiteElo "2631"]
[BlackElo "2326"]
[Annotator "TA"]
[PlyCount "125"]
[EventDate "2018.10.10"]
[EventType "swiss"]
[EventCountry "RUS"]
[SourceTitle "playchess.com"]
[Source "ChessBase"]
[SourceQuality "1"]

{[%evp 21,125,35,45,45,52,40,75,25,130,58,87,42,56,56,47,49,39,28,77,84,72,16,15,6,13,7,4,0,20,0,106,112,174,182,181,172,178,169,175,170,165,172,171,177,178,175,176,162,295,303,295,109,118,111,199,189,337,345,335,332,347,348,326,317,288,173,165,145,153,77,293,284,297,289,297,291,282,274,284,285,225,217,269,262,556,520,678,639,903,879,885,879,863,846,879,858,1451,1397,1515,1379,2658,2431,29985,29986,29986,29987]} 1. d4 d5 2. c4 c6 3. Nf3 Nf6 4. g3 e6 5. Bg2 Nbd7 6. O-O Be7 7. Qc2 O-O 8. b3 b6 9. Bb2 Bb7 10. Nc3 c5 11. cxd5 exd5 12. Rac1 {E08: Closed Catalan: Main Line: 7 Qc2} Rc8 13. Rfd1 a6 $146 ({Predecessor:} 13... Ne4 14. Qb1 Nxc3 15. Bxc3 Nf6 16. Bh3 Rc7 17. dxc5 Ne4 18. Be5 Rxc5 {1-0 (32) Meier,G (2352)-Gasthofer,V (2333) Germany 2005}) 14. Qb1 {White is better.} Qc7 (14... c4 $11 {keeps the balance.}) 15. e3 (15. Ng5 $16) 15... Rfe8 16. dxc5 bxc5 17. Nh4 {[%cal Rc3d5]} Nb6 $1 18. Nf5 Bf8 19. Ne2 {And now Bxf6 would win.} Nbd7 20. Nf4 {[%cal Rg2d5]} g6 21. Nxd5 (21. Nh4 $16) 21... Bxd5 $11 22. Bxd5 {With the idea Nh4.} gxf5 23. Qxf5 {[#] Black must now prevent Bxf7+!} Bg7 24. Bc4 $36 {[%mdl 2048] White is more active.} Qc6 25. Rd3 Nb6 (25... Rc7 $11) 26. Bxa6 $16 Ra8 (26... Rc7 $16) 27. Rxc5 $18 Qe6 28. Bb5 Red8 29. Rxd8+ Rxd8 30. Qxe6 fxe6 31. Rc6 Nbd5 32. Rxe6 {Strongly threatening Bc4.} Nc7 33. Re5 {Threatens to win with Bc4+.} ({Inferior is} 33. Bxf6 Rd1+ 34. Kg2 Nxe6 $11) 33... Rd1+ 34. Kg2 {[#] Hoping for Bc4+.} Rd2 (34... Nfd5 $142 35. Bc4 (35. Rg5 Ne6 $16) 35... Bxe5 36. Bxe5 Kf8) 35. Bc4+ Kh8 36. Rc5 $2 (36. Bd4 $18 {is more deadly.}) 36... Rxb2 $16 37. Rxc7 h5 (37... Bf8 $16) 38. a4 Ng4 (38... Bh6 {might work better.}) 39. Rc8+ $18 Kh7 40. Bd3+ Kh6 41. Rc6+ Bf6 42. Bc2 Kg7 43. Rc7+ Kf8 44. h3 Ne5 45. f4 (45. a5 $142 Bd8 46. Rc5) 45... Nf7 $2 (45... Nd3 $16 {keeps fighting.}) 46. Kf3 Bd8 47. Rc6 Ke7 48. g4 hxg4+ 49. hxg4 Kd7 50. Rc3 Nd6 51. Bf5+ Nxf5 52. gxf5 {[%mdl 4096] Endgame KRB-KR} Ke7 $2 (52... Rh2 53. Rd3+ Ke8) 53. e4 {[%cal Be3e4,Be4e5][%mdl 32]} Bb6 54. e5 Rf2+ 55. Ke4 Re2+ 56. Kd5 Rd2+ 57. Kc6 Bd4 58. Rh3 Rc2+ 59. Kd5 Ba1 60. Rh7+ Kd8 61. f6 {[%cal Bf5f6,Bf6f7][%mdl 32]} Rf2 62. Rh8+ Kc7 63. f7 {Precision: White = 62%, Black = 33%.} 1-0

[Event "RUS-chT Blitz Men 2018"]
[Site "Sochi"]
[Date "2018.10.10"]
[Round "12"]
[White "Paravyan, David"]
[Black "Taysayev, Timur"]
[Result "1-0"]
[WhiteElo "2629"]
[BlackElo "2225"]
[Annotator "RC"]
[PlyCount "89"]
[EventDate "2018.10.10"]
[EventType "swiss"]
[EventCountry "RUS"]
[SourceTitle "playchess.com"]
[Source "ChessBase"]
[SourceQuality "1"]
[TimeControl "180+2"]

1. d4 {[%emt 0:00:00]} Nf6 {[%emt 0:00:00]} 2. c4 {[%emt 0:00:01]} c6 {[%emt 0:00:00]} 3. Nf3 {[%emt 0:00:04]} b5 {[%emt 0:00:16]} 4. cxb5 {[%emt 0:00:10]} cxb5 {[%emt 0:00:01]} 5. e3 {[%emt 0:00:01]} a6 {[%emt 0:00:02]} 6. Bd3 {[%emt 0:00:01]} Bb7 {[%emt 0:00:06]} 7. O-O {[%emt 0:00:03]} e6 {[%emt 0:00:01]} 8. a4 {[%emt 0:00:02]} b4 {[%emt 0:00:04]} 9. Nbd2 {[%emt 0:00:05]} d5 {[%emt 0:00:13]} 10. Ne5 {[%emt 0:00:06]} Nbd7 {[%emt 0:00:02]} 11. Nb3 {[%emt 0:00:08]} Nxe5 {[%emt 0:00:11]} 12. dxe5 {[%emt 0:00:01]} Nd7 {[%emt 0:00:03]} 13. f4 {[%emt 0:00:04]} Nc5 {[%emt 0:00:10]} 14. Nxc5 {[%emt 0:00:06]} Bxc5 {[%emt 0:00:02]} 15. Qh5 {[%emt 0:00:11]} g6 {[%emt 0:00:04]} 16. Qh6 {[%emt 0:00:02]} Bf8 {[%emt 0:00:04]} 17. Qh3 {[%emt 0:00:03]} Bc5 {[%emt 0:00:37]} 18. Bd2 {[%emt 0:00:10]} Qb6 {[%emt 0:00:40]} 19. a5 {[%emt 0:00:02]} Qa7 {[%emt 0:00:02]} 20. Rf3 {[%emt 0:00:34]} Bc6 {[%emt 0:00:12]} 21. Rc1 {[%emt 0:00:05]} Bb5 {[%emt 0:00:04]} 22. Bxb5+ {[%emt 0:00:27]} axb5 {[%emt 0:00:02]} 23. Kh1 {[%emt 0:00:16]} O-O {[%emt 0:00:11]} 24. Qh6 {[%emt 0:00:05]} Rac8 {[%emt 0:00:06]} 25. Rh3 {[%emt 0:00:07]} f5 {[%emt 0:00:01]} 26. exf6 {[%emt 0:00:02]} Rxf6 {[%emt 0:00:01]} 27. Qh4 {[%emt 0:00:05]} Rff8 {[%emt 0:00:07]} 28. Qg4 {[%emt 0:00:06]} Qf7 {[%emt 0:00:12]} 29. Rf3 {[%emt 0:00:03]} Qf5 {[%emt 0:00:02]} 30. Qxf5 {[%emt 0:00:04]} gxf5 {[%emt 0:00:02]} 31. Rff1 {[%emt 0:00:02]} Ba7 {[%emt 0:00:03]} 32. Bxb4 {[%emt 0:00:04]} Bxe3 {[%emt 0:00:02]} 33. Rce1 {[%emt 0:00:10]} d4 {[%emt 0:00:02]} 34. Bxf8 {[%emt 0:00:02]} Kxf8 {[%emt 0:00:03]} 35. a6 {[%emt 0:00:18]} Ra8 {[%emt 0:00:02]} 36. Ra1 {[%emt 0:00:02]} Ke7 {[%emt 0:00:03]} 37. g3 {[%emt 0:00:02]} Kd6 {[%emt 0:00:02]} 38. Kg2 {[%emt 0:00:00]} Kd5 {[%emt 0:00:10]} 39. Kf3 {[%emt 0:00:02]} Kc4 {[%emt 0:00:01]} 40. Ke2 {[%emt 0:00:07]} Kb3 {[%emt 0:00:01]} 41. Kd3 {[%emt 0:00:01]} b4 {[%emt 0:00:03]} 42. Ra5 {[%emt 0:00:04]} Ra7 {[%emt 0:00:02]} 43. Raa1 {[%emt 0:00:09]} h6 {[%emt 0:00:02]} 44. h3 {[%emt 0:00:02]} h5 {[%emt 0:00:01]} 45. h4 {[%emt 0:00:00]} 1-0

[Event "RUS-chT Blitz Men 2018"]
[Site "Sochi"]
[Date "2018.10.10"]
[Round "12"]
[White "Alekseev, Evgeny"]
[Black "Vastrukhin, Oleg"]
[Result "1-0"]
[WhiteElo "2620"]
[BlackElo "2413"]
[Annotator "TA"]
[PlyCount "71"]
[EventDate "2018.10.10"]
[EventType "swiss"]
[EventCountry "RUS"]
[SourceTitle "playchess.com"]
[Source "ChessBase"]
[SourceQuality "1"]

{[%evp 30,71,266,254,270,259,302,303,310,299,314,287,387,450,510,466,463,483,476,447,472,300,346,348,365,370,344,275,304,299,299,300,302,291,350,298,436,395,458,458,458,448,499,445]} 1. d4 g6 2. e4 Bg7 3. Nf3 c6 4. h3 d5 5. Nc3 Nf6 6. e5 Ne4 7. Nxe4 dxe4 8. Ng5 c5 9. c3 cxd4 10. cxd4 Nc6 11. Bc4 O-O 12. Be3 {B15: Caro-Kann (Flohr-Variante)} Qa5+ 13. Kf1 b5 (13... h6 14. Nxe4 Rd8 15. f4 b5 16. Bb3 Nxd4 17. Bxd4 Qb4 18. Qf3 Rxd4 19. a3 Qa5 20. Nf6+ Bxf6 21. exf6 Qb6 22. f5 Bb7 23. Qg3 g5 24. fxe7 Re8 25. Re1 Rf4+ 26. Ke2 Qd4 {0-1 (26) Xiong,J (2674)-Shabalov,A (2556) Saint Louis 2017 CBM 178 [Yermolinsky,A]}) 14. Bb3 Bb7 15. h4 {[%cal Bh3h4,Bh4h5][%mdl 32]} Rad8 16. h5 {[#] LiveBook: 4 Partien. Und hxg6 würde nun gewinnen.} Nxe5 17. Nxh7 b4 $146 ({Minderwertig wäre} 17... Kxh7 18. hxg6+ Kg8 19. Qh5 Qe1+ 20. Rxe1 Rfe8 21. gxf7+ Kf8 22. fxe8=R+ Rxe8 23. Qf5+ Bf6 24. Bh6#) ({Vorgänger:} 17... Rfe8 18. hxg6 Nxg6 19. Qh5 Rd6 {0-1 (62) Diermair,A (2365)-Sandhu,M (2292) Austria 2008}) 18. hxg6 Nxg6 19. Nxf8 Kxf8 20. Rh5 Qa6+ 21. Kg1 e5 22. Rf5 Bd5 23. dxe5 Qe6 24. Rh5 Bxe5 25. Bxd5 Rxd5 26. Qb3 a5 27. Rc1 Kg7 28. Rc5 Rxc5 29. Qxe6 ({Weniger gut wäre} 29. Bxc5 Qg4 $14) 29... fxe6 30. Bxc5 Bxb2 $18 {[%mdl 4096] Endspiel KTL-KLS} 31. Bb6 a4 32. Ra5 a3 (32... Nf4 $142 33. Rxa4 Bc3) 33. Rb5 Ne5 34. Rxb4 {Weiß steht klar auf Gewinn.} Nd3 35. Ra4 e5 36. Kf1 {Precision: Weiß = 74%, Schwarz = 38%.} 1-0

[Event "RUS-chT Blitz Men 2018"]
[Site "Sochi"]
[Date "2018.10.10"]
[Round "12"]
[White "Romanov, Evgeny"]
[Black "Oganian, Miran"]
[Result "0-1"]
[WhiteElo "2614"]
[BlackElo "2435"]
[Annotator "TA"]
[PlyCount "205"]
[EventDate "2018.10.10"]
[EventType "swiss"]
[EventCountry "RUS"]
[SourceTitle "playchess.com"]
[Source "ChessBase"]
[SourceQuality "1"]

{[%evp 10,205,-23,-27,-14,-37,-22,-32,0,0,0,0,0,0,0,-23,-23,-15,0,-10,14,-25,-20,-18,-6,-8,7,0,0,0,11,12,6,18,6,0,14,-11,0,0,26,31,136,139,360,349,521,509,517,514,592,509,1225,571,693,679,2149,844,759,559,668,664,1014,668,877,856,981,727,948,667,1254,811,766,620,784,747,866,602,597,584,642,625,660,566,536,0,637,625,667,619,923,846,709,706,913,848,2106,2150,29984,29985,29992,88,87,87,87,87,218,98,96,87,1008,87,105,20,89,8,79,61,80,0,78,0,81,56,56,77,115,115,115,0,0,0,45,45,45,45,45,0,45,0,45,45,45,45,45,45,45,0,0,0,0,0,0,0,0,0,0,0,0,0,0,0,0,0,0,0,0,0,0,0,0,0,0,0,0,0,0,0,0,0,0,0,0,0,0,0,0,0,0,0,0,0,0,0,0,0,0,0]} 1. b3 e5 2. Bb2 Nc6 3. c4 Nf6 4. d3 (4. e3 g6 5. d3 Bg7 6. Nf3 d6 7. Be2 O-O 8. a3 Nd7 9. Nc3 a5 10. O-O Re8 11. Nd2 Nc5 12. Nd5 {½-½ (39) Topalov,V (2761)-Aronian,L (2792) Paris 2016}) 4... d5 5. cxd5 Nxd5 6. Nf3 {LiveBook: 5 Games. A01: Nimzowitsch-Larsen Opening} f6 7. g3 Be7 8. Bg2 O-O 9. O-O Be6 10. Nbd2 Qd7 11. Rc1 Bh3 $146 ({Predecessor:} 11... a5) 12. Ne4 Bxg2 13. Kxg2 Rfd8 14. Qc2 Rac8 15. Nc5 Bxc5 $1 16. Qxc5 Qf7 17. Rfd1 Nde7 18. e4 b6 19. Qb5 Nb8 20. d4 $36 {[%mdl 2048] White fights for an advantage.} exd4 21. Nxd4 c5 22. Ne2 Nbc6 23. f3 Nb4 24. a3 Rxd1 25. Rxd1 Qxb3 (25... Nbc6 $1 $14) 26. Rd2 $16 Qe3 $2 (26... a6 $16 27. Qxb6 Qe3 28. Qe6+ Kf8) 27. Bc1 $18 Qb3 (27... Nd3 $142 28. Qxd3 Qxd3 29. Rxd3 Rc7) 28. axb4 cxb4 29. Qd7 Kf8 30. Qxa7 Ng6 (30... Rc2 $142 31. Nd4 Rxd2+ 32. Bxd2 Qb2 33. Ne6+ Kf7) 31. Qxb6 (31. Rd7 $142) 31... Ne5 32. Nd4 Qf7 33. Qxb4+ Kg8 34. Rc2 Rd8 35. Be3 Qh5 36. Qb3+ Kh8 37. Qb6 Re8 38. Qb7 h6 39. Rc8 Kh7 40. Rxe8 Qxe8 41. Qb5 Qa8 42. Qd5 Qa1 43. Ne2 Qb2 44. Qd2 Qb3 {and the idea ...Nc4 leaves Black hopeful.} 45. Nd4 Qa3 46. Nc2 Qb3 47. Nd4 Qa3 $1 48. Bf4 Nc4 49. Qc2 Qc5 50. e5+ Kg8 51. Qe4 {exf6 is the strong threat.} fxe5 52. Ne6 Qb5 53. Qg6 {[%csl Ge6][%cal Rg6g7]} Qb2+ 54. Kh3 {[%csl Ge6][%cal Rg6g7]} exf4 {[#]} 55. Nxf4 $2 (55. Qe8+ $1 {mates} Kh7 56. Nf8+ Kh8 57. Ng6+ Kh7 58. Ne7 Qb8 59. Qxb8 h5 60. gxf4 Ne3 61. Qg8+ Kh6 62. Qh8#) 55... Ne5 $16 56. Qe6+ Kh7 57. Qf5+ Kg8 (57... g6 $16 58. Qe4 Qb5) 58. Ne6 (58. Nd5 $18 {and the rest is easy. Ne7+ would kill now.} Nf7 59. Ne7+ Kf8 60. Ng6+ Kg8 61. Qc8+ Kh7 62. Nf8+ Kg8 63. Ne6+ Kh7 64. Qe8 Ng5+ 65. Nxg5+ hxg5 66. Qh5+ Kg8 67. Qxg5) 58... Nf7 59. Qd5 {Hoping for Qa8+.} Qe2 $2 {[%mdl 8192] [#]} (59... Qc2 $16 60. f4 g6) 60. Nf4 $2 (60. Nd8 $1 $18 Qe7 61. Nxf7 Qxf7 62. Qxf7+ Kxf7 63. Kg4) 60... Qf1+ 61. Ng2 (61. Kg4 $16 Qa6 62. h4) 61... Kf8 (61... g6 $11 {remains equal.}) 62. f4 ({Better is} 62. Qa8+ $16 Ke7 63. Qa3+ Nd6 64. Qe3+ Kd7 65. f4) 62... Qe2 (62... g5 $11) 63. Nh4 Qf1+ 64. Ng2 Qe2 65. Nh4 Qf1+ 66. Kg4 Qe2+ 67. Nf3 Kg8 68. h4 g6 69. Kh3 ({White should try} 69. h5 $16 Kg7 70. hxg6 Kxg6 71. Qc6+ Kg7 72. Kh5) 69... Qf1+ $11 70. Kh2 {Strongly threatening h5.} Qe2+ 71. Kg1 Kg7 72. Qd4+ Kg8 73. Qd5 Kg7 74. Ne5 Qe3+ 75. Kg2 Qe2+ $1 76. Kh3 Qf1+ 77. Qg2 Qb5 78. Nxf7 (78. Nf3 {feels hotter.} h5 79. Qf2 Nh6 80. Qa7+ Kf8 81. Qa8+) 78... Kxf7 $14 {[%mdl 4096] Endgame KQ-KQ. The position is equal.} 79. Qf2 h5 80. Qa2+ Kg7 81. Kg2 Qc6+ 82. Kf2 Qc5+ 83. Kf3 Qc3+ 84. Kf2 Qd4+ 85. Kg2 Qe4+ 86. Kh2 Qf3 87. Qb2+ Kh7 88. Qd2 Kg7 89. Qd4+ Kh7 90. Qd7+ Kh6 91. Qd2 (91. Qe6 {with more complications.} Qf2+ 92. Kh3 Qf1+ 93. Kh2 Qf2+) 91... Kh7 (91... Kg7 {keeps more tension.}) 92. Qb2 Kg8 93. Qb8+ Kh7 94. Qa7+ Kg8 95. Qg1 Kh7 96. Qg2 Qe3 97. Qc2 Qf3 98. Qc7+ Kg8 99. Qd8+ Kh7 100. Qd2 Kg7 101. Qd4+ Kh7 102. Qd7+ Kg8 103. Qd2 {[%mdl 32768] Precision: White = 39%, Black = 35%. . Loss on Time!?} 0-1

[Event "RUS-chT Blitz Men 2018"]
[Site "Sochi"]
[Date "2018.10.10"]
[Round "12"]
[White "Chigaev, Maksim"]
[Black "Alekseenko, Kirill"]
[Result "1-0"]
[WhiteElo "2599"]
[BlackElo "2639"]
[Annotator "TA"]
[PlyCount "107"]
[EventDate "2018.10.10"]
[EventType "swiss"]
[EventCountry "RUS"]
[SourceTitle "playchess.com"]
[Source "ChessBase"]
[SourceQuality "1"]

{[%evp 9,107,2,54,26,45,41,55,0,1,-11,0,-10,118,120,91,100,98,102,99,98,146,118,133,124,121,114,118,121,118,102,102,77,114,48,141,101,204,221,210,209,247,241,252,238,293,291,331,333,334,314,336,316,333,337,327,301,316,282,337,301,302,299,310,309,337,342,370,350,460,457,473,461,475,374,439,425,449,447,479,483,554,427,411,379,474,470,479,461,581,586,589,594,907,606,677,664,29995,540,1410,1383]} 1. e4 c5 2. Nf3 {[%cal Bg1f3,Bf3e5,Be5d7][%mdl 32]} d6 3. Nc3 Nf6 4. e5 dxe5 5. Nxe5 g6 (5... a6 $11) (5... a6 6. a4 Qc7 7. Nc4 Be6 8. Be2 Nc6 9. O-O Rd8 10. b3 Nd4 11. Ne3 g6 12. Bc4 Bg7 13. Bxe6 Nxe6 14. Bb2 O-O {½-½ (66) Shimanov,A (2626)-Xiong,J (2651) chess.com INT 2018}) 6. Bb5+ {B50: Sicilian: 2...d6, Miscellaneous} Nbd7 7. Qf3 $146 ({Predecessor:} 7. O-O Bg7 8. Re1 O-O 9. Bxd7 Nxd7 10. Nc4 b6 11. d3 Bb7 12. Bg5 {½-½ (12) Ostos,J (2344)-Cabrera,A (2399) Medellin 2000}) 7... Qc7 8. Qg3 ({White should try} 8. Qf4 $14) 8... Nh5 $11 9. Nd5 Qd6 10. Nxd7 $1 Nxg3 (10... Bxd7 $11 11. Qxd6 exd6) 11. Ne5+ $1 $16 Bd7 12. Bxd7+ Qxd7 13. Nxd7 Nxh1 14. Nxf8 {Black must now prevent Nc7+.} Kxf8 15. Kf1 Rd8 16. Ne3 {[#]} Nxf2 $1 {[%mdl 512]} 17. Kxf2 f6 18. d3 Kf7 19. Bd2 e5 20. Ke2 Rhe8 {[#]} 21. Rf1 (21. c4 $1 $16) 21... Kg7 (21... e4 $1 $14) 22. Bc3 f5 (22... b5 $16 {might work better.}) 23. g4 $18 fxg4 24. Nxg4 h5 25. Nf2 ({Less strong is} 25. Nxe5 b5 $16) ({Resist} 25. Bxe5+ $6 Rxe5+ 26. Nxe5 Re8 $16) 25... b5 26. b3 b4 27. Bb2 Rd5 28. Ne4 Rf8 29. Rg1 Rf4 30. Bc1 Rf7 31. Be3 Rc7 32. Nd2 Rf7 33. Nc4 Rf8 34. Rg5 Rf5 35. Rg2 Rf8 36. Rg1 Rf7 37. a3 bxa3 38. Ra1 h4 39. Rxa3 h3 40. Ra1 Kh7 41. Rg1 Rf5 42. Rg3 Rh5 43. Nd2 Rd8 44. Ne4 Rf8 45. Ng5+ Kg8 46. Nxh3 Kf7 47. Ng5+ Ke8 48. h3 Rf5 49. Ne4 Kd7 50. Nxc5+ Kc6 51. Ne4 Rf8 52. Rxg6+ Kb5 53. Rg3 (53. Bd2 $142 Rf2+ 54. Kxf2 Rf5+ 55. Ke3 Rf3+ 56. Kxf3 a6 57. c4#) 53... Rc8 54. Nd6+ {Precision: White = 63%, Black = 23%.} 1-0

[Event "RUS-chT Blitz Men 2018"]
[Site "Sochi"]
[Date "2018.10.10"]
[Round "12"]
[White "Yuffa, Daniil"]
[Black "Tenikashvili, Georgij"]
[Result "0-1"]
[WhiteElo "2563"]
[BlackElo "2361"]
[Annotator "TA"]
[PlyCount "40"]
[EventDate "2018.10.10"]
[EventType "swiss"]
[EventCountry "RUS"]
[SourceTitle "playchess.com"]
[Source "ChessBase"]
[SourceQuality "1"]

{[%evp 9,40,-25,-8,-10,-10,-15,-15,-11,0,0,0,-11,0,0,30,-23,-21,-39,-46,-73,-21,-64,0,-27,-20,-81,-68,-256,-228,-1593,-1577,-29997,-29998]} 1. Nc3 d5 2. e3 Nf6 3. f4 c5 (3... g6 4. Nf3 Bg7 5. b3 O-O 6. Bb2 c5 7. Na4 b6 8. Be2 Bb7 9. Ne5 Qd6 10. Bf3 Ne4 11. O-O Ng5 12. d4 Nxf3+ 13. Rxf3 cxd4 14. exd4 {0-1 (63) Schuster,P (2473)-Zhak,B (2651) ICCF email 2012}) 4. Nf3 Nc6 5. Be2 Bg4 6. O-O {A03: Bird's Opening with 1...d5} e6 7. d3 $146 ({Predecessor:} 7. b3 Bd6 8. Bb2 a6 9. Rc1 Qc7 10. Ng5 h5 11. Bf3 {1-0 (31) Matilainen,J (1888)-Lehtohalme,L Finland 2007}) 7... Be7 8. h3 {The position is equal.} Bxf3 9. Bxf3 O-O 10. e4 dxe4 11. dxe4 Qxd1 12. Nxd1 (12. Rxd1 $142 Rad8 13. Rxd8 Rxd8 14. e5) 12... Nd4 $11 13. Ne3 Nxf3+ 14. gxf3 Rfd8 (14... Nh5 $17 15. Nc4 Bh4) 15. a4 Rd4 (15... Nh5 $15) 16. c3 Rd3 17. Kf2 (17. f5 $11 {remains equal.}) 17... Rad8 $36 {[%mdl 2048] Black has good play.} 18. Ke2 $2 {[#]} (18. f5 $15) 18... Nh5 $19 19. Rd1 $2 (19. Nd5 Ng3+ 20. Kxd3 Nxf1 21. c4) 19... Nxf4+ 20. Ke1 Bh4+ {Precision: White = 27%, Black = 43%.} 0-1